ბათუმის შოთა რუსთაველის სახელმწიფო უნივერსიტეტის ბიბლიოთეკა

სოლომონ მეფის საგანძური : (ბიბ.ჩანაწერი № 54935)

000 -ლიდერი
ფიქსირებული სიგრძის საკონტროლო ველი 01236nam a2200253Ia 4500
001 - საკონტროლო ნომერი
საკონტროლო ველი 22006
003 - საკონტროლო ნომრის იდენტიფიკატორი
საკონტროლო ველი GE_BSU
005 - ბოლო ოპერაციის თარიღი და დრო
საკონტროლო ველი 20220923160442.0
008 - ფიქსირებული სიგრძის მონაცემთა ელემენტები - ზოგადი ინფორმაცია
ფიქსირებული სიგრძის საკონტროლო ველი 181216s ||||ge |||||||||||||| ||geo||
040 ## - კატალოგიზაციის წყარო
Transcribing agency GE_BSU
041 ## - ენის კოდი
Language code of text/sound track or separate title geo
080 ## - უნივერსალური ათობითი კლასიფიკაციის ინდექსი
Universal Decimal Classification number 821.111-311.3 ჰ-14
100 ## - მთავარი ჩანაწერი - პიროვნების სახელი
Personal name ჰაგარდი, ჰენრი რაიდერ
9 (RLIN) 14752
245 ## - ცნობა სათაურის შესახებ
Title სოლომონ მეფის საგანძური :
Remainder of title [ინგლ. მწერლის რომანი] /
Statement of responsibility, etc ჰენრი რაიდერ ჰაგარდი ; თარგმნა ე. თვარაძემ ; რედ. შ. დარახველიძე.
264 ## - წარმოების, გამოცემის, დისტრიბუციის და სხვა ცნობები
გამოცემის, წარმოების, დისტრიბუციის... ადგილი თბილისი :
გამოცემის, წარმოების, დისტრიბუციის... სახელწოდება ნაკადული,
გამოცემის, წარმოების, დისტრიბუციის... თარიღი 1968.
300 ## - ფიზიკური აღწერა
Extent 271 გვ. ;
Dimensions 21 სმ.
490 ## - სერიის ცნობა
Series statement სათავგადასავლო ბიბლიოთეკა
Volume number/sequential designation N 21
653 ## - INDEX TERM--UNCONTROLLED
Uncontrolled term მხატვრული ლიტერატურა
653 ## - INDEX TERM--UNCONTROLLED
Uncontrolled term სოლომონ მეფის საგანძური
700 ## - ADDED ENTRY--PERSONAL NAME
Personal name თვარაძე, ე.
Relator term მთარგმნელი
9 (RLIN) 14753
700 ## - ADDED ENTRY--PERSONAL NAME
Personal name დარახველიძე, შ.
Relator term რედაქტორი
9 (RLIN) 14754
942 ## - ADDED ENTRY ELEMENTS (KOHA)
Koha item type წიგნი
Source of classification or shelving scheme
ეგზემპლარები
ჩამოწერის სტატუსი დაკარგული ეგზემპლარის სტატუსი კლასიფიკაციის წყარო ან თაროზე გაწყობის სქემა დაზიანების სტატუსი არ გაიცემა მუდმივი მდებარეობა (დაცვის ადგილი) ამჟამინდელი ადგილსამყოფელი თაროზე განთავსების ადგილი შეძენის თარიღი ღირებულება, შესყიდვის ნორმალური ფასი სრული შენახვის შიფრი შტრიხკოდი ბოლო ოპერაციის თარიღი ეგზემპლარის მიმდევრობითი ნომერი (კეტერი?) ფასის ძალაში შესვლის თარიღი ეგზემპლარის სახეობა საჯარო შენიშვნა
          ბათუმის შოთა რუსთაველის სახელმწიფო უნივერსიტეტის მთავარი ბიბლიოთეკა ბათუმის შოთა რუსთაველის სახელმწიფო უნივერსიტეტის მთავარი ბიბლიოთეკა წიგნსაცავი 2018-12-17 4.00 821.111-311.3 ჰ-14 56734 2018-12-17 56734 2018-12-17 წიგნი 4